[Event "Montevideo Cuartos Trebejos"]
[Site "Montevideo"]
[Date "2017.12.11"]
[Round "1.2"]
[White "Ibanez, Marcelo"]
[Black "Salguero, Rafael"]
[Result "1-0"]
[WhiteElo "2052"]
[BlackElo "1881"]
[PlyCount "143"]
[EventDate "2017.12.11"]
[EventType "swiss"]
[EventRounds "5"]
[EventCountry "URU"]
[SourceTitle "EXT 2024"]
[Source "ChessBase"]
[SourceDate "2023.10.10"]
[SourceVersion "1"]
[SourceVersionDate "2023.10.10"]
[SourceQuality "1"]

1. d4 d5 2. Nf3 Nf6 3. c4 e6 4. Nc3 Be7 5. Bg5 0-0 6. e3 c5 7. dxc5 dxc4 8. Qa4 Na6 9. Be2 Nxc5 10. Qxc4 Qb6 11. b4 Na6 12. a3 Bd7 13. 0-0 Rac8 14. Qb3 Nc5 15. Qb1 Na4 16. Nxa4 Bxa4 17. Rc1 h6 18. Bh4 Rc7 19. Bg3 Bd6 20. Rxc7 Qxc7 21. Qc1 Bxg3 22. hxg3 Rc8 23. Qxc7 Rxc7 24. Ne5 Kf8 25. Bf3 Ke7 26. Nd3 Nd7 27. Ra2 Rc3 28. Nf4 b6 29. Ne2 Rd3 30. Nd4 Rc3 31. Ne2 Rd3 32. Be4 Rd1+ 33. Kh2 Ne5 34. f3 Nc4 35. Nc3 Bb3 36. Re2 Rc1 37. Nb5 a6 38. Nd4 Ba4 39. Bd3 Rc3 40. Bxc4 Rxc4 41. Ra2 g6 42. g4 e5 43. Ne2 Rc2 44. Rxc2 Bxc2 45. Kg3 Kd6 46. Nc3 Kc6 47. e4 a5 48. Kh4 axb4 49. axb4 Bb3 50. g3 Bc4 51. g5 h5 52. f4 Bd3 53. fxe5 Kd7 54. g4 Ke6 55. gxh5 gxh5 56. Nd5 Bxe4 57. Nxb6 Bf3 58. Nc4 Be2 59. Nd6 Kxe5 60. Nxf7+ Ke6 61. Nh6 Ke7 62. Nf5+ Kf7 63. Ng3 Bb5 64. Kxh5 Bd3 65. Kh6 Kg8 66. g6 Kf8 67. g7+ Kg8 68. Nh5 Kf7 69. b5 Bxb5 70. Kh7 Bd3+ 71. Kh8 Kg6 72. Nf4+ 1-0

[Event "URU-chT Provinces"]
[Site "Montevideo"]
[Date "2017.08.25"]
[Round "2.3"]
[White "Pelaez, Diego"]
[Black "Ibanez, Marcelo"]
[Result "0-1"]
[WhiteElo "1692"]
[BlackElo "2046"]
[PlyCount "66"]
[EventDate "2017.08.25"]
[EventType "team-swiss"]
[EventRounds "5"]
[EventCountry "URU"]
[SourceTitle "EXT 2019"]
[Source "ChessBase"]
[SourceDate "2018.10.10"]
[SourceVersion "1"]
[SourceVersionDate "2018.10.10"]
[SourceQuality "1"]
[WhiteTeam "Rivera"]
[BlackTeam "Montevideo Trebejos"]
[WhiteTeamCountry "URU"]
[BlackTeamCountry "URU"]

1. d4 Nf6 2. c4 e6 3. Nf3 Bb4+ 4. Bd2 Be7 5. Nc3 d5 6. cxd5 exd5 7. Bg5 0-0 8. e3 c6 9. h3 Bf5 10. Bd3 Bxd3 11. Qxd3 a5 12. 0-0 Na6 13. a3 Nc7 14. Ne5 Ne6 15. Bh4 Nd7 16. Bxe7 Qxe7 17. Nxd7 Qxd7 18. Na4 Qe7 19. Rac1 f5 20. Nc3 f4 21. exf4 Nxf4 22. Qe3 Qg5 23. Qg3 Qf6 24. Rcd1 b5 25. Rfe1 Rae8 26. f3 b4 27. axb4 axb4 28. Ne4 dxe4 29. fxe4 h6 30. Qb3+ Kh8 31. Qxb4 Qg5 32. Rd2 Nxh3+ 33. Kh2 Nf2 0-1

[Event "Montevideo Andrea Memorial 2nd"]
[Site "Montevideo"]
[Date "2017.06.27"]
[Round "7"]
[White "Vaz Lacuesta, Leonardo"]
[Black "Ibanez, Marcelo"]
[Result "1-0"]
[WhiteElo "2131"]
[BlackElo "2013"]
[PlyCount "93"]
[EventDate "2017.06.01"]
[EventType "tourn"]
[EventRounds "7"]
[EventCountry "URU"]
[SourceTitle "EXT 2018"]
[Source "ChessBase"]
[SourceDate "2017.10.13"]
[SourceVersion "1"]
[SourceVersionDate "2017.10.13"]
[SourceQuality "1"]

1. e4 d6 2. Nf3 Nf6 3. Nc3 g6 4. d4 Bg7 5. Be3 0-0 6. h3 e5 7. dxe5 dxe5 8. Qxd8 Rxd8 9. Bg5 Re8 10. Bc4 Be6 11. Bxe6 Rxe6 12. 0-0-0 Na6 13. Bxf6 Bxf6 14. Rd7 Rc8 15. Rhd1 Nc5 16. R7d5 b6 17. b4 Na6 18. a3 Nb8 19. g4 h6 20. h4 Nc6 21. Ne2 a6 22. g5 hxg5 23. hxg5 Be7 24. R5d3 Re8 25. Nc3 Kg7 26. Nd5 Bd8 27. c3 Rh8 28. a4 Ree8 29. Ne3 Be7 30. Rd5 Rh3 31. Nxe5 Nb8 32. N5g4 a5 33. Re5 Kf8 34. b5 Bc5 35. Rxe8+ Kxe8 36. Nf6+ Ke7 37. Ned5+ Kf8 38. Nxc7 Be7 39. Ncd5 Rf3 40. Rd2 Bc5 41. Ne3 Ke7 42. Nfg4 Ke6 43. Kd1 Rf4 44. Rd8 Nd7 45. Re8+ Kd6 46. e5+ Kc7 47. Nd5+ 1-0